000 00394nmm a2200145Ia 4500
008 251105s9999||||xx |||||||||||||||||und||
041 _aspa
100 _aIsaacs, Jorge
245 0 _aMaría
264 _a[Bogotá, Colombia] :
_bOveja Negra,
_c2011
300 _a305 páginas
650 _aLatin American narrative
856 _uhttps://public.digitaliapublishing.com/a/47453
942 _cCF
999 _c104467
_d104467